Explosion initiation of furazanotetrazine dioxide by a high-current electron beam; Technical Physics Letters; Vol. 41, iss. 6
| Parent link: | Technical Physics Letters: Scientific Journal Vol. 41, iss. 6.— 2015.— [P. 519-521] |
|---|---|
| Autor Corporativo: | |
| Outros autores: | , , , , |
| Summary: | Title screen Results of investigations of physicochemical processes which develop in furazanotetrazine dioxide under irradiation by a highcurrent electron beam with an energy density varied in a range of 0.05-0.3 J/cm2 are represented. The spectralkinetic characteristics of pulse cathodoluminescence are measured, and thresholds of the mechanical failure and explosive decomposition of samples are determined. A strong effect of the energy density of the electron beam on kinetics of the explosive transformation (induction period and duration of explosive glow) is revealed. The dimensional effect of the explosion initiation is found. Режим доступа: по договору с организацией-держателем ресурса |
| Idioma: | inglés |
| Publicado: |
2015
|
| Subjects: | |
| Acceso en liña: | http://dx.doi.org/10.1134/S1063785015060115 |
| Formato: | MixedMaterials Electrónico Capítulo de libro |
| KOHA link: | https://koha.lib.tpu.ru/cgi-bin/koha/opac-detail.pl?biblionumber=643810 |
MARC
| LEADER | 00000nla0a2200000 4500 | ||
|---|---|---|---|
| 001 | 643810 | ||
| 005 | 20250228131612.0 | ||
| 035 | |a (RuTPU)RU\TPU\network\8808 | ||
| 035 | |a RU\TPU\network\8807 | ||
| 090 | |a 643810 | ||
| 100 | |a 20151002d2015 k||y0rusy50 ba | ||
| 101 | 0 | |a eng | |
| 135 | |a drcn ---uucaa | ||
| 181 | 0 | |a i | |
| 182 | 0 | |a b | |
| 200 | 1 | |a Explosion initiation of furazanotetrazine dioxide by a high-current electron beam |f V. I. Oleshko [et al.] | |
| 203 | |a Text |c electronic | ||
| 300 | |a Title screen | ||
| 320 | |a [References: p. 521 (11 tit.)] | ||
| 330 | |a Results of investigations of physicochemical processes which develop in furazanotetrazine dioxide under irradiation by a highcurrent electron beam with an energy density varied in a range of 0.05-0.3 J/cm2 are represented. The spectralkinetic characteristics of pulse cathodoluminescence are measured, and thresholds of the mechanical failure and explosive decomposition of samples are determined. A strong effect of the energy density of the electron beam on kinetics of the explosive transformation (induction period and duration of explosive glow) is revealed. The dimensional effect of the explosion initiation is found. | ||
| 333 | |a Режим доступа: по договору с организацией-держателем ресурса | ||
| 461 | |t Technical Physics Letters |o Scientific Journal | ||
| 463 | |t Vol. 41, iss. 6 |v [P. 519-521] |d 2015 | ||
| 610 | 1 | |a электронный ресурс | |
| 610 | 1 | |a труды учёных ТПУ | |
| 610 | 1 | |a углекислый газ | |
| 610 | 1 | |a электронные пучки | |
| 701 | 1 | |a Oleshko |b V. I. |c specialist in the field of lightning engineering |c Professor of Tomsk Polytechnic University, Doctor of physical and mathematical sciences |f 1948- |g Vladimir Ivanovich |3 (RuTPU)RU\TPU\pers\33783 |9 17381 | |
| 701 | 1 | |a Zarko |b V. E. | |
| 701 | 1 | |a Lysyk |b V. V. | |
| 701 | 1 | |a Tsipilev |b V. P. |c specialist in the field of lightning engineering |c Professor of Tomsk Polytechnic University, Doctor of physical and mathematical sciences |f 1940- |g Vladimir Papilovich |3 (RuTPU)RU\TPU\pers\33782 |9 17380 | |
| 701 | 1 | |a Kalmykov |b P. I. | |
| 712 | 0 | 2 | |a Национальный исследовательский Томский политехнический университет (ТПУ) |b Институт физики высоких технологий (ИФВТ) |b Кафедра лазерной и световой техники (ЛиСТ) |3 (RuTPU)RU\TPU\col\18690 |
| 801 | 2 | |a RU |b 63413507 |c 20170908 |g RCR | |
| 856 | 4 | |u http://dx.doi.org/10.1134/S1063785015060115 | |
| 942 | |c CF | ||